<?xml version="1.0" encoding="UTF-8"?><?xml-stylesheet type="text/xsl" href="static/style.xsl"?><OAI-PMH xmlns="http://www.openarchives.org/OAI/2.0/" xmlns:xsi="http://www.w3.org/2001/XMLSchema-instance" xsi:schemaLocation="http://www.openarchives.org/OAI/2.0/ http://www.openarchives.org/OAI/2.0/OAI-PMH.xsd"><responseDate>2026-04-17T03:29:45Z</responseDate><request verb="GetRecord" identifier="oai:www.recercat.cat:2072/482723" metadataPrefix="marc">https://recercat.cat/oai/request</request><GetRecord><record><header><identifier>oai:recercat.cat:2072/482723</identifier><datestamp>2025-08-31T17:59:02Z</datestamp><setSpec>com_2072_98</setSpec><setSpec>col_2072_378192</setSpec></header><metadata><record xmlns="http://www.loc.gov/MARC21/slim" xmlns:dcterms="http://purl.org/dc/terms/" xmlns:xsi="http://www.w3.org/2001/XMLSchema-instance" xmlns:doc="http://www.lyncode.com/xoai" xsi:schemaLocation="http://www.loc.gov/MARC21/slim http://www.loc.gov/standards/marcxml/schema/MARC21slim.xsd">
   <leader>00925njm 22002777a 4500</leader>
   <datafield ind2=" " ind1=" " tag="042">
      <subfield code="a">dc</subfield>
   </datafield>
   <datafield ind2=" " ind1=" " tag="720">
      <subfield code="a">Casanova Querol, Teresa</subfield>
      <subfield code="e">author</subfield>
   </datafield>
   <datafield ind2=" " ind1=" " tag="720">
      <subfield code="a">Santiago Bautista, José María</subfield>
      <subfield code="e">author</subfield>
   </datafield>
   <datafield ind2=" " ind1=" " tag="720">
      <subfield code="a">Lafuente Salinas, Manel</subfield>
      <subfield code="e">author</subfield>
   </datafield>
   <datafield ind2=" " ind1=" " tag="720">
      <subfield code="a">Güell Farré, Elena</subfield>
      <subfield code="e">author</subfield>
   </datafield>
   <datafield ind2=" " ind1=" " tag="720">
      <subfield code="a">Girós Torres, Joan</subfield>
      <subfield code="e">author</subfield>
   </datafield>
   <datafield ind2=" " ind1=" " tag="720">
      <subfield code="a">Martín-Baranera, Montserrat</subfield>
      <subfield code="e">author</subfield>
   </datafield>
   <datafield ind2=" " ind1=" " tag="720">
      <subfield code="a">Miralles Basseda, Ramón</subfield>
      <subfield code="e">author</subfield>
   </datafield>
   <datafield ind2=" " ind1=" " tag="720">
      <subfield code="a">Universitat Autònoma de Barcelona. Departament de Medicina</subfield>
      <subfield code="e">author</subfield>
   </datafield>
   <datafield ind2=" " ind1=" " tag="260">
      <subfield code="c">2022</subfield>
   </datafield>
   <datafield ind2=" " ind1=" " tag="520">
      <subfield code="a">Background and objectives: This study aims to evaluate the impact of implementing multidisciplinary clinical guidelines in the process of caring for patients with hip fractures. Materials and methods: This work is a pre- and post-intervention prospective study in the Orthogeriatrics Unit of a second-level hospital after implementing multidisciplinary clinical guidelines for hip fracture care. We analyzed patients' baseline characteristics and the variations observed in care provided and in outcome variables in the 2 periods studied (June 2015-May 2016 and June 2016-May 2017). Results: The baseline characteristics of the population were similar in the pre-intervention period (n=455) compared to the post-intervention period (n=456). Patients' mean age was 84.8 ± 6.8 years and 70.8% were women. The implementation of the multidisciplinary clinical guidelines led to a reduction in the mean length of hospital stay (16.9 days vs 15.6 days, p=.014); improved osteoporosis treatment prescribing (51.6% vs 88%, p&lt;.001); and reduced episodes of delirium (44% vs 31.2%, p&lt;.001), bronchospasm (18.3% vs 12%, p=.019), heart failure (20% vs 11.5%, p&lt;.001), and COPD exacerbation (7.9% vs 3.8%, p=.017). We observed an increase in pressure ulcers at discharge (2.9 vs 9%, p&lt;.001). There were no differences in the percentage of operations in less than 48 hours (56% vs 61.2% p=.64), hospital readmissions (6.9% vs 5.9%, p=.51), or mortality (5.0% vs 7.2%, p=.17). Conclusions: The implementation of multidisciplinary clinical guidelines improved aspects of the care process for patients with hip fracture.</subfield>
   </datafield>
   <datafield tag="653" ind2=" " ind1=" ">
      <subfield code="a">Fractura de fémur</subfield>
   </datafield>
   <datafield tag="653" ind2=" " ind1=" ">
      <subfield code="a">Medicina Interna</subfield>
   </datafield>
   <datafield tag="653" ind2=" " ind1=" ">
      <subfield code="a">Atención Continuada</subfield>
   </datafield>
   <datafield tag="653" ind2=" " ind1=" ">
      <subfield code="a">Ortogeriatría</subfield>
   </datafield>
   <datafield ind2="0" ind1="0" tag="245">
      <subfield code="a">Resultados en salud tras la implantación de una guía multidisciplinar para la atención a la fractura de cadera</subfield>
   </datafield>
</record></metadata></record></GetRecord></OAI-PMH>